Využívanie optimalizačných metód na základnej organizačno-plánovacej úrovni firmy bakalárska práca

Gespeichert in:
Bibliographische Detailangaben
1. Verfasser: Dikác, Ádám
Körperschaft: Fakulta hospodárskej informatiky EU. Katedra operačného výskumu a ekonometrie
Weitere Verfasser: Furková, Andrea, 1975-
Format: Buch
Sprache:Slowakisch
Veröffentlicht: Bratislava 2017
Tags: Tag hinzufügen
Keine Tags, Fügen Sie das erste Tag hinzu!

MARC

LEADER 00000nbm a2200000 4500
001 0233056
005 20180215145652.5
041 0 |a slo 
044 |a SK 
245 1 0 |a Využívanie optimalizačných metód na základnej organizačno-plánovacej úrovni firmy  |b bakalárska práca  |c Ádám Dikác ; školiteľ: Andrea Furková 
264 1 |a Bratislava  |c 2017 
300 |a 45 s. 
100 1 |a Dikác, Ádám 
700 1 |a Furková, Andrea, 1975- 
710 2 |a Fakulta hospodárskej informatiky EU. Katedra operačného výskumu a ekonometrie